| 000 | 00935nam a22002537a 4500 | ||
|---|---|---|---|
| 005 | 20170124103003.0 | ||
| 010 | _aA-590962 | ||
| 020 | _c50.00 | ||
| 035 | _aA-590962 | ||
| 037 | _bCen Lib/Ret | ||
| 040 |
_aDPL _bHN |
||
| 082 |
_aक _bतंवर |
||
| 100 |
_aतंवर, रोहतास _9210 |
||
| 245 |
_aमाटी की आग / _cरोहतास तंवर |
||
| 246 |
_aMaati ki ag / _bby Rohtas Tanvar |
||
| 260 |
_aनयी दिल्ली _bसंजीव प्रकाशन _c110002 |
||
| 270 |
_a3613, दरयागंज _bनयी दिल्ली _e110002 |
||
| 300 |
_a143पृ. _c16सेमी(सजिल्द ) |
||
| 650 |
_aहिंदी साहित्य _x _z _955418 |
||
| 650 |
_aहिंदी कहानियां _92082 |
||
| 650 |
_aHindi literature _v _955419 |
||
| 650 |
_aHindi Stories _955420 |
||
| 942 |
_2ddc _cHN _hक _mतंवर |
||
| 999 |
_c114119 _d114119 |
||